Регионална библиотека "Любен Каравелов" - Русе

Хирургическое лечение больных раком пищевода и кардии (Запис номер 412225)

MARC детайли
000 -Лидер
Контролно поле с фиксирана дължина nam a22 a 4500
003 - Код на организацията, давaща контролен номер
Контролно поле BLK
005 - Дата и час на последна редакция
Контролно поле 20210429113055.0
008 - Елементи от данни с фиксирана дължина
fixed length control field 210429b bu |||||r|||| 00| 0 bu d
040 ## - Източник на каталожния запис
Идентификатор на билиотеката - собственик на записа BLK
041 ## - Код за език
Код за езика на текст/звукозапис или на отделно заглавие Руски
Код за езика КДБФ Руски
080 ## - УДК
Текстов определител УДК Ортопедия. Офталмология. Хирургия. Може да се използват спец. опред. към 616 (-001/-009;-01/-09;-7)
УДК код - определител по УДК 617
УДК - код + определител 617
100 ## - Редна дума - Автор
R(LIN) 1299
Автор Полянцев, Александр Андрианович
Авторска отговорност първи автор
139 ## - Редно поле
Редна дума Полянцев, Александр Андрианович
245 ## - Сведения за заглавието
Заглавие Хирургическое лечение больных раком пищевода и кардии
Редно поле (дума) Александр Андрианович Полянцев,
260 ## - Област на издателските данни
9 (RLIN) 212287
Място на издаване, разпространение и проч. Москва
Име на издателя, разпространителя и проч. Медгиз
Година на издаване 1954
300 ## - Физическа характеристика
Страници 244с.
Размери/Мащаб 21см
380 ## - Жанр
Жанр Медицина
490 ## - СЕРИИ (Колекции)
9 (RLIN) 451473
Име на серия Библиотека практического врача
650 #0 - Допълнително описание по предмет – тема
9 (RLIN) 424243
Основно описание – тема или топоним Рак (болест)
653 #7 - Ключова дума – ненормативна
9 (RLIN) 200166
Ключова дума хранопровод
653 #7 - Ключова дума – ненормативна
9 (RLIN) 200001
Ключова дума хирургия
852 ## - Местоположение
Форматна сигнатура Цб 6.205.45661
Фондова буква Основен фонд - ползва се само за читалня
999 ## - СИСТЕМНИ КОНТРОЛНИ НОМЕРА
Koha biblionumber 412225
Koha biblioitemnumber 412225
942 ## - АРТИКУЛИ
Вид на библиотечния материал Книги
Скрит в OPAC Не
Периодичен библиозапис Да
944 ## - СЪЗДАВАНЕ И РЕДАКЦИЯ на ЗАПИСА
Създаване/Редакция Създаване
Дата на регистрацията/редакция 2021-04-29
Служител, извършил регистрацията/редакцията Микаела Микова-Илиева
Статус, дата на статуса 2021-04-29
Наличности
Код за отписване Код за изгубен артикул Източник на класификационната схема Код за повреда Коз за рестрикции Код за отдаване Артикулен № Име на библиотеката - собственик Име на библиотеката, в която се намира в момента Статус (Текущо местоположение) Дата на вписване в системата Местоположение - отдел Цена в лева Инвентарен номер Систематично азбучна сигнатура Баркод Цена в евро Служебен тип на артикула
  Не е изгубен Universal Decimal Classification Не е повреден само за читалня ползва се в читалня 829845 Регионална библиотека "Любен Каравелов" Русе Регионална библиотека "Любен Каравелов" Русе Хранилище 2021-05-14 Основен фонд - ползва се само за читалня 0.72 4950/55 Цб 6.205.45661 900000059144 0.37 Книги
Vip Innovations Ltd, Rousse, Bulgaria 2025